000
00303 a2200109 4500
001
ART_24966
005
20260410161933.0
008
260409a
245
1
0
_a
El aumento de la productividad
100
1
_a
Wainer, Pedro H.
773
0
_t
Informe
_g
- Año II, Nº 7 (ene. 1970)
_w
REV23765
999
_c
28783
_d
28783